[Event "85th ch-UKR 2016"]
[Site "Rivne UKR"]
[Date "2016.12.06"]
[Round "1.1"]
[White "Kovchan, Alexander"]
[Black "Korobov, Anton"]
[Result "0-1"]
[WhiteTitle "GM"]
[BlackTitle "GM"]
[WhiteElo "2585"]
[BlackElo "2692"]
[WhiteFideId "14103052"]
[BlackFideId "14105730"]
[EventDate "2016.12.06"]

1. c4 g6 2. Nc3 Bg7 3. g3 f5 4. Bg2 Nf6 5. d4 d6 6. Nf3 O-O 7. O-O Nc6 8. d5 Na5
9. Qd3 e5 10. dxe6 Bxe6 11. b3 Nc6 12. Bb2 Qe7 13. Ng5 Bd7 14. Rad1 Kh8 15. Qd2
Rae8 16. Nd5 Nxd5 17. Bxg7+ Kxg7 18. cxd5 Ne5 19. Nf3 Nxf3+ 20. Bxf3 f4 21. Qc3+
Qf6 22. Qxc7 Re7 23. Qc4 Bh3 24. Rfe1 g5 25. gxf4 Qxf4 26. Qxf4 Rxf4 27. Rd3 Kf6
28. Bg2 Bf5 29. Rd2 Rc7 30. e3 Rh4 31. e4 Bg6 32. e5+ dxe5 33. d6 Rd7 34. Bxb7
Rd4 35. Rxd4 exd4 36. Be4 Rxd6 37. Bxg6 Kxg6 38. Kg2 Kf5 39. Kf3 g4+ 40. Kg3 h5
41. f3 d3 42. Kf2 Kf4 43. fxg4 hxg4 44. Rd1 d2 45. Ke2 Re6+ 46. Kf2 Rh6 47. h4
gxh3 48. Ke2 Re6+ 49. Kf2 h2 50. Rf1 Re1 0-1

[Event "85th ch-UKR 2016"]
[Site "Rivne UKR"]
[Date "2016.12.06"]
[Round "1.2"]
[White "Areshchenko, Alexander"]
[Black "Kuzubov, Yuriy"]
[Result "1/2-1/2"]
[WhiteTitle "GM"]
[BlackTitle "GM"]
[WhiteElo "2678"]
[BlackElo "2651"]
[WhiteFideId "14109530"]
[BlackFideId "14112906"]
[EventDate "2016.12.06"]

1. d4 d5 2. c4 c6 3. cxd5 cxd5 4. Bf4 Nc6 5. e3 Nf6 6. Nc3 Bg4 7. Qb3 Na5 8.
Qa4+ Bd7 9. Qc2 Rc8 10. Bd3 e6 11. Nf3 b5 12. Qe2 a6 13. O-O Be7 14. Ne5 O-O 15.
Rfc1 Be8 16. Rc2 Nd7 17. Nf3 Nb6 18. Rac1 Nc6 19. a3 f6 1/2-1/2

[Event "85th ch-UKR 2016"]
[Site "Rivne UKR"]
[Date "2016.12.06"]
[Round "1.3"]
[White "Oleksiyenko, Mykhaylo"]
[Black "Moiseenko, Alexander"]
[Result "1-0"]
[WhiteTitle "GM"]
[BlackTitle "GM"]
[WhiteElo "2615"]
[BlackElo "2657"]
[WhiteFideId "4152417"]
[BlackFideId "14102560"]
[EventDate "2016.12.06"]

1. e4 c6 2. d4 d5 3. e5 c5 4. dxc5 Nc6 5. a3 Nxe5 6. Bb5+ Bd7 7. Qxd5 Qc7 8.
Bxd7+ Nxd7 9. b4 Ngf6 10. Qb3 g6 11. Nf3 Bg7 12. Bb2 O-O 13. O-O e5 14. Nc3 e4
15. Nb5 Qf4 16. Nfd4 Ne5 17. Ne2 Qg5 18. Qg3 Qxg3 19. Nxg3 Nc4 20. Bd4 Rfd8 21.
Rad1 e3 22. fxe3 Nd5 23. Rfe1 Ndxe3 24. Bxe3 Rxd1 25. Rxd1 Nxe3 26. Rd7 Nxc2 27.
Rxb7 a5 28. bxa5 Nd4 29. Ne4 Nxb5 30. Rxb5 Bd4+ 31. Kf1 Ra6 32. Ke2 f5 33. Nd2
Kg7 34. Kd3 Be5 35. h3 Kh6 36. Nc4 Bc7 37. Rb6 Ra8 38. c6 Kg5 39. Rb7 Bf4 40. c7
Rc8 41. Nb6 Rxc7 42. a6 1-0

[Event "85th ch-UKR 2016"]
[Site "Rivne UKR"]
[Date "2016.12.06"]
[Round "1.4"]
[White "Solovchuk, Alexey"]
[Black "Shtembuliak, Evgeny"]
[Result "0-1"]
[BlackTitle "IM"]
[WhiteElo "2409"]
[BlackElo "2478"]
[WhiteFideId "14115220"]
[BlackFideId "14113325"]
[EventDate "2016.12.06"]

1. d4 Nf6 2. c4 g6 3. Nc3 Bg7 4. e4 O-O 5. Nf3 c6 6. e5 Ne8 7. Bf4 d6 8. h3 Nd7
9. exd6 Nxd6 10. Be2 Nf5 11. O-O Qb6 12. Na4 Qa5 13. Bd2 Qc7 14. Bc3 Rd8 15. Qb3
b6 16. Rad1 Bb7 17. Rfe1 e6 18. Bd3 Nf6 19. Ne5 Nxd4 20. Bxd4 Rxd4 21. Nf3 Rdd8
22. Nc3 c5 23. Nb5 Qe7 24. Be2 Nh5 25. Nh2 Nf4 26. Bf3 g5 27. Bxb7 Qxb7 28. Nf3
h6 29. Rxd8+ Rxd8 30. Rd1 Rd7 31. Kh2 a6 32. Nc3 Rxd1 33. Qxd1 Bxc3 34. bxc3 Qe4
35. Qd8+ Kg7 36. Qc7 Nd3 37. Qxb6 Qf4+ 38. Kg1 Qc1+ 39. Kh2 Nxf2 40. Qb7 h5 41.
Kg3 Qe3 42. Qc7 Ne4+ 43. Kh2 g4 44. hxg4 hxg4 45. Qe5+ f6 46. Qc7+ Kh6 47. Qb8
gxf3 48. Qh8+ Kg6 49. Qg8+ Kf5 50. Qh7+ Ke5 0-1

[Event "85th ch-UKR 2016"]
[Site "Rivne UKR"]
[Date "2016.12.06"]
[Round "1.5"]
[White "Efimenko, Zahar"]
[Black "Bakhmatsky, Vladislav"]
[Result "1-0"]
[WhiteTitle "GM"]
[WhiteElo "2651"]
[BlackElo "2446"]
[WhiteFideId "14107201"]
[BlackFideId "14124890"]
[EventDate "2016.12.06"]

1. Nf3 Nf6 2. g3 g6 3. b3 Bg7 4. Bb2 O-O 5. Bg2 d5 6. c4 Nc6 7. d4 dxc4 8. bxc4
e5 9. d5 e4 10. Nd4 Nxd4 11. Bxd4 Bf5 12. O-O Qd7 13. Nc3 Rfe8 14. Qa4 c6 15.
Rad1 cxd5 16. Qxd7 Nxd7 17. Nxd5 Rac8 18. Bxa7 Rxc4 19. Ne3 Ra4 20. Nxf5 gxf5
21. Rxd7 Rxa7 22. e3 Rc8 23. Bh3 Rc5 24. a4 Rxa4 25. Rxb7 Bf6 26. Rfb1 Ra1 27.
Rxa1 Bxa1 28. Bf1 Bf6 29. Kg2 Kg7 30. Bb5 Re5 31. Bc4 Re7 32. Rb6 Re5 33. h3 Rc5
34. Bb5 Rd5 35. Ba4 Kg6 36. Rc6 Kg7 37. Rc4 Kg6 38. Bc6 Re5 39. Bd7 Kg7 40. g4
fxg4 41. hxg4 Bh4 42. Bc8 Bd8 43. Kg3 h6 44. Bf5 Ra5 45. Bxe4 h5 46. gxh5 Rxh5
47. Rc8 Bb6 48. Kg4 Rc5 49. Rb8 Bc7 50. Rb7 Kf6 51. f4 Ke7 52. Bf5 Rc3 53. e4 f6
54. Rb1 Rc2 55. Rh1 Rg2+ 56. Kf3 Rg7 57. Rh8 Bd8 58. Bg4 Rf7 59. Rh1 Kf8 60. Be6
Rc7 61. Kg4 Ke7 62. Kf5 Rc5+ 63. Bd5 Kd6 64. Kg6 Rc2 65. Rh8 Kc7 66. Be6 Rd2 67.
Kf5 Rf2 68. Bd5 Be7 69. Rh7 Kd6 70. Be6 Rxf4+ 71. Kxf4 Kxe6 72. Rh5 Ba3 73. Rb5
Bd6+ 74. Ke3 Bc7 75. Rb7 Bd6 76. Rb6 Ke5 77. Kf3 Ke6 78. Rb5 Bc7 79. Kg4 Be5 80.
Kh5 Kf7 81. Rb6 Bd4 82. Ra6 Bc3 83. Kg4 Kg6 84. Ra8 Be5 85. Rc8 Bd6 86. Ra8 Be7
87. Ra6 Bb4 88. e5 Bc3 89. Rxf6+ 1-0

[Event "85th ch-UKR 2016"]
[Site "Rivne UKR"]
[Date "2016.12.06"]
[Round "1.6"]
[White "Kravtsiv, Martyn"]
[Black "Volokitin, Andrei"]
[Result "1/2-1/2"]
[WhiteTitle "GM"]
[BlackTitle "GM"]
[WhiteElo "2645"]
[BlackElo "2649"]
[WhiteFideId "14113147"]
[BlackFideId "14107090"]
[EventDate "2016.12.06"]

1. e4 c5 2. Nf3 d6 3. d4 cxd4 4. Nxd4 Nf6 5. f3 e5 6. Nb3 d5 7. Bg5 d4 8. c3 Nc6
9. cxd4 Bb4+ 10. N1d2 Nxd4 11. a3 Bxd2+ 12. Bxd2 Nxe4 13. Nxd4 Nxd2 14. Qxd2
exd4 15. Rd1 O-O 16. Qxd4 Qa5+ 17. Kf2 Bf5 18. Qd5 Qb6+ 19. Qd4 Qa5 20. Qd5 Qb6+
21. Qd4 Qc7 22. Qc4 Qe7 23. Qf4 Qf6 24. Be2 Rad8 1/2-1/2

[Event "85th ch-UKR 2016"]
[Site "Rivne UKR"]
[Date "2016.12.07"]
[Round "2.1"]
[White "Korobov, Anton"]
[Black "Volokitin, Andrei"]
[Result "1-0"]
[WhiteTitle "GM"]
[BlackTitle "GM"]
[WhiteElo "2692"]
[BlackElo "2649"]
[WhiteFideId "14105730"]
[BlackFideId "14107090"]
[EventDate "2016.12.06"]

1. Nf3 c5 2. c4 Nf6 3. Nc3 d5 4. cxd5 Nxd5 5. d4 Nxc3 6. bxc3 g6 7. e3 Bg7 8.
Bb5+ Nd7 9. a4 O-O 10. O-O b6 11. a5 Bb7 12. a6 Be4 13. Ng5 Nf6 14. Nxe4 Nxe4
15. Bb2 Rc8 16. Bd3 Nd6 17. Qe2 c4 18. Bc2 f5 19. Ba3 Qd7 20. f3 e5 21. dxe5
Bxe5 22. Rad1 Rf6 23. Rd5 Qe6 24. Rfd1 Rc6 25. Qd2 Nf7 26. Rd8+ Nxd8 27. Qxd8+
Kg7 28. Rd7+ Kh6 29. Bf8+ Kg5 30. h4+ 1-0

[Event "85th ch-UKR 2016"]
[Site "Rivne UKR"]
[Date "2016.12.07"]
[Round "2.2"]
[White "Bakhmatsky, Vladislav"]
[Black "Kravtsiv, Martyn"]
[Result "1/2-1/2"]
[BlackTitle "GM"]
[WhiteElo "2446"]
[BlackElo "2645"]
[WhiteFideId "14124890"]
[BlackFideId "14113147"]
[EventDate "2016.12.06"]

1. e4 e5 2. Nf3 Nc6 3. Bb5 a6 4. Ba4 Nf6 5. O-O Be7 6. d3 b5 7. Bb3 d6 8. a3 O-O
9. Nc3 Na5 10. Ba2 Be6 11. b4 Bxa2 12. Rxa2 Nc6 13. Bg5 Qd7 14. Bxf6 Bxf6 15.
Nd5 a5 16. Nxf6+ gxf6 17. Rb2 axb4 18. axb4 f5 19. Nh4 f4 20. Nf5 Kh8 21. d4 f6
22. f3 Ne7 23. Nxe7 Qxe7 24. Qd3 exd4 25. Qxb5 Rg8 26. Qc4 Qe5 27. Rd1 Rg6 28.
Qxc7 Qh5 29. Rf1 Rh6 30. h3 Rg8 31. Qc4 Rhg6 32. c3 Qxh3 33. Rff2 d3 34. Rbd2
Qh4 1/2-1/2

[Event "85th ch-UKR 2016"]
[Site "Rivne UKR"]
[Date "2016.12.07"]
[Round "2.3"]
[White "Shtembuliak, Evgeny"]
[Black "Efimenko, Zahar"]
[Result "1/2-1/2"]
[WhiteTitle "IM"]
[BlackTitle "GM"]
[WhiteElo "2478"]
[BlackElo "2651"]
[WhiteFideId "14113325"]
[BlackFideId "14107201"]
[EventDate "2016.12.06"]

1. c4 e5 2. e3 Nf6 3. Nc3 g6 4. Nf3 d6 5. d4 Nbd7 6. g3 Bg7 7. Bg2 O-O 8. O-O
Re8 9. a4 c6 10. a5 a6 11. Qb3 h6 12. Rd1 Qc7 13. h3 Nf8 14. dxe5 dxe5 15. e4
Ne6 16. Be3 Nh7 17. Na4 Nhg5 18. Nxg5 hxg5 19. Nb6 Rb8 20. Qa4 Qe7 21. b4 Nd4
22. Bxd4 exd4 23. Nxc8 Rbxc8 24. c5 Qe6 25. Rd3 Re7 26. Qc2 Rce8 27. Qd2 g4 28.
hxg4 Qxg4 29. Rf1 f5 30. Qa2+ Kh8 31. exf5 gxf5 32. Bf3 Qh3 33. Bg2 Qg4 34. Bf3
Qh3 35. Bg2 1/2-1/2

[Event "85th ch-UKR 2016"]
[Site "Rivne UKR"]
[Date "2016.12.07"]
[Round "2.4"]
[White "Moiseenko, Alexander"]
[Black "Solovchuk, Alexey"]
[Result "1-0"]
[WhiteTitle "GM"]
[WhiteElo "2657"]
[BlackElo "2409"]
[WhiteFideId "14102560"]
[BlackFideId "14115220"]
[EventDate "2016.12.06"]

1. d4 g6 2. e4 Bg7 3. Nc3 c6 4. Nf3 Nf6 5. e5 Nd5 6. Ne4 d6 7. c4 Nc7 8. exd6
exd6 9. Bg5 f6 10. Bf4 O-O 11. Nxd6 Bg4 12. c5 Nd5 13. Bc4 Be6 14. Bd2 b5 15.
Bb3 Na6 16. O-O Qd7 17. Re1 Kh8 18. Qe2 Nac7 19. Ba5 Bg8 20. Bxc7 Qxc7 21. h4
Qd7 22. Qe4 a5 23. Bxd5 Bxd5 24. Qf4 h5 25. Nh2 Kh7 26. Re2 Bh6 27. Qg3 Rg8 28.
Rae1 Ra7 29. a3 b4 30. Nf1 Qg4 31. Qxg4 hxg4 32. Ne3 Bxe3 33. Rxe3 bxa3 34. bxa3
Rb8 35. Kh2 Rb2 36. R1e2 Rxe2 37. Rxe2 Ra8 38. Ne8 1-0

[Event "85th ch-UKR 2016"]
[Site "Rivne UKR"]
[Date "2016.12.07"]
[Round "2.5"]
[White "Kuzubov, Yuriy"]
[Black "Oleksiyenko, Mykhaylo"]
[Result "0-1"]
[WhiteTitle "GM"]
[BlackTitle "GM"]
[WhiteElo "2651"]
[BlackElo "2615"]
[WhiteFideId "14112906"]
[BlackFideId "4152417"]
[EventDate "2016.12.06"]

1. d4 d5 2. c4 c6 3. Nf3 Nf6 4. e3 g6 5. Bd3 Bg7 6. O-O O-O 7. Nc3 Bg4 8. cxd5
Bxf3 9. Qxf3 cxd5 10. Qe2 Nc6 11. Rd1 Nb4 12. Bb1 Nc6 13. Bd2 Rc8 14. Be1 Re8
15. Bd3 a6 16. Rac1 e5 17. dxe5 Nxe5 18. Bc2 Nc6 19. Qf3 Ne5 20. Qh3 Nc4 21. Bb3
Na5 22. Bxd5 Nxd5 23. Qf3 Nc4 24. Rxd5 Qb6 25. Na4 Qc6 26. Rc5 Qxa4 27. R1xc4
Qxc4 28. Rxc4 Rxc4 29. Qxb7 Rd8 30. Kf1 Rc2 31. Qxa6 Rxb2 32. a4 Rd1 33. Qc8+
Bf8 34. g3 Rbb1 35. Qc3 Bb4 36. Qc8+ Kg7 37. h4 Bxe1 38. h5 Rd2 39. Kg2 Rxf2+
40. Kh3 Bb4 0-1

[Event "85th ch-UKR 2016"]
[Site "Rivne UKR"]
[Date "2016.12.08"]
[Round "3.1"]
[White "Areshchenko, Alexander"]
[Black "Korobov, Anton"]
[Result "1/2-1/2"]
[WhiteTitle "GM"]
[BlackTitle "GM"]
[WhiteElo "2678"]
[BlackElo "2692"]
[WhiteFideId "14109530"]
[BlackFideId "14105730"]
[EventDate "2016.12.06"]

1. e4 e6 2. d4 d5 3. Nc3 Nf6 4. e5 Nfd7 5. f4 c5 6. Nf3 Nc6 7. Be3 Be7 8. Qd2
O-O 9. Be2 a6 10. O-O b5 11. a3 Qb6 12. Nd1 a5 13. c3 Ba6 14. Nf2 b4 15. Nd3
bxc3 16. bxc3 Rab8 17. f5 exf5 18. Nf4 Bxe2 19. Qxe2 Qb2 20. Qxb2 Rxb2 21. Nxd5
h6 22. Nd2 cxd4 23. cxd4 Bg5 24. Bxg5 hxg5 25. Nf3 g4 26. Ng5 Rd2 27. e6 fxe6
28. Nxe6 Re8 29. Ndc7 Rb8 30. Rad1 Ra2 31. Rf2 Rxf2 32. Kxf2 Rb2+ 33. Kg1 Rc2
34. Nd5 g6 35. Rb1 Nf8 36. Ng5 Nh7 37. Ne6 Nf8 38. Ng5 Nh7 1/2-1/2

[Event "85th ch-UKR 2016"]
[Site "Rivne UKR"]
[Date "2016.12.08"]
[Round "3.2"]
[White "Oleksiyenko, Mykhaylo"]
[Black "Kovchan, Alexander"]
[Result "1/2-1/2"]
[WhiteTitle "GM"]
[BlackTitle "GM"]
[WhiteElo "2615"]
[BlackElo "2585"]
[WhiteFideId "4152417"]
[BlackFideId "14103052"]
[EventDate "2016.12.06"]

1. e4 c5 2. Nf3 d6 3. d4 cxd4 4. Nxd4 Nf6 5. Nc3 a6 6. Be3 e5 7. Nf3 Be7 8. Bc4
O-O 9. O-O Nc6 10. Bb3 Be6 11. Qd3 h6 12. Rfd1 Rc8 13. Nh4 Na5 14. Ng6 Nxb3 15.
Nxe7+ Qxe7 16. axb3 Rfd8 17. Bb6 Rd7 18. Nd5 Bxd5 19. exd5 Nh5 20. c4 Nf4 21.
Qf3 g5 22. Qg4 Ng6 23. g3 Nf8 24. Rac1 Re8 25. b4 e4 26. Bd4 b5 27. Qf5 e3 28.
Re1 e2 29. Rc2 Qd8 30. Rcxe2 Rxe2 31. Rxe2 bxc4 32. h4 Nh7 33. Bb6 Qxb6 34. Qxd7
Nf6 35. Qf5 Qd4 36. hxg5 Qd1+ 37. Kg2 Qxe2 38. gxf6 Kh8 39. Qc8+ Kh7 40. Qf5+
Kh8 41. g4 Kg8 42. Kh2 Qxb2 43. g5 Qd4 44. gxh6 Qh4+ 45. Kg2 Qxh6 46. Qc8+ Kh7
47. Qxc4 Qxf6 48. Kf1 Qa1+ 49. Ke2 Qe5+ 50. Kd2 Kg6 51. Qd3+ Kf6 52. Qc4 1/2-1/2

[Event "85th ch-UKR 2016"]
[Site "Rivne UKR"]
[Date "2016.12.08"]
[Round "3.3"]
[White "Solovchuk, Alexey"]
[Black "Kuzubov, Yuriy"]
[Result "1/2-1/2"]
[BlackTitle "GM"]
[WhiteElo "2409"]
[BlackElo "2651"]
[WhiteFideId "14115220"]
[BlackFideId "14112906"]
[EventDate "2016.12.06"]

1. c4 e5 2. Nc3 Nf6 3. g3 Bb4 4. Bg2 O-O 5. Nf3 Re8 6. O-O e4 7. Nd4 Nc6 8. Nc2
Bxc3 9. dxc3 h6 10. c5 Qe7 11. Bf4 Qxc5 12. Bxc7 d5 13. Bf4 Bd7 14. Be3 Qe7 15.
Bd4 Nh7 16. Ne3 Qe6 17. Qd2 Rad8 18. Rae1 Bc8 19. f4 f5 20. Rd1 Qg6 21. Qe1 b6
22. Qf2 Qf7 23. h3 Nf8 24. g4 fxg4 25. hxg4 Ne6 26. Qg3 Ncxd4 27. cxd4 Qf6 28.
Rd2 Rf8 29. f5 Ng5 30. Qe5 Qf7 31. Rc1 Rfe8 32. Qg3 Ba6 33. Rc6 Rd7 34. Rdc2 Kh7
35. Rd6 Red8 36. Rxd7 Rxd7 37. Qe5 Bb7 38. Rc3 Qf8 39. Rc7 Nf7 40. Qh2 Qd8 41.
Rxd7 Qxd7 42. Qb8 Bc8 43. Qa8 Bb7 44. Qf8 Ng5 45. f6 Qf7 46. fxg7 Qxg7 47. Qxg7+
Kxg7 48. Nf5+ Kg6 49. Nd6 Ba6 50. Kf2 Nf7 51. Nf5 Kg5 52. Ne7 Bb7 53. Kg3 Nd6
54. Bh3 Nc4 55. b3 Ne3 56. Nf5 Nxf5+ 57. gxf5 h5 58. a3 Ba6 59. Kf2 Bb5 60. Ke3
h4 61. Kf2 Be8 62. f6 Kxf6 63. Bc8 Ke7 64. e3 Kf6 65. Kg2 Bf7 66. Kh3 Kg5 67.
Bd7 a5 68. b4 Kh5 69. Bg4+ Kg5 70. Bd7 Bg8 71. Bc8 axb4 72. axb4 Bf7 73. Bd7 Kh5
74. Bg4+ Kg5 75. Bd7 Bg8 76. Bc8 Bf7 1/2-1/2

[Event "85th ch-UKR 2016"]
[Site "Rivne UKR"]
[Date "2016.12.08"]
[Round "3.4"]
[White "Efimenko, Zahar"]
[Black "Moiseenko, Alexander"]
[Result "1/2-1/2"]
[WhiteTitle "GM"]
[BlackTitle "GM"]
[WhiteElo "2651"]
[BlackElo "2657"]
[WhiteFideId "14107201"]
[BlackFideId "14102560"]
[EventDate "2016.12.06"]

1. Nf3 Nf6 2. g3 b6 3. Bg2 Bb7 4. O-O e6 5. d3 c5 6. e4 d6 7. c4 Be7 8. Nc3 O-O
9. Re1 a6 10. d4 cxd4 11. Nxd4 Qc7 12. Be3 Nbd7 13. f4 Rac8 14. Rc1 Rfe8 15. b3
Bf8 16. f5 Ne5 17. h3 1/2-1/2

[Event "85th ch-UKR 2016"]
[Site "Rivne UKR"]
[Date "2016.12.08"]
[Round "3.5"]
[White "Kravtsiv, Martyn"]
[Black "Shtembuliak, Evgeny"]
[Result "1-0"]
[WhiteTitle "GM"]
[BlackTitle "IM"]
[WhiteElo "2645"]
[BlackElo "2478"]
[WhiteFideId "14113147"]
[BlackFideId "14113325"]
[EventDate "2016.12.06"]

1. e4 e6 2. d4 d5 3. Nc3 Nf6 4. e5 Nfd7 5. f4 c5 6. Nf3 Nc6 7. Be3 Be7 8. Qd2
O-O 9. dxc5 Bxc5 10. Bxc5 Nxc5 11. O-O-O Qa5 12. a3 Bd7 13. Qe3 Qb6 14. Nd4 Rac8
15. h4 Nxd4 16. Qxd4 f6 17. exf6 Rxf6 18. g3 Qc7 19. Rh2 b5 20. Kb1 Rb8 21. b4
Na4 22. Nxa4 bxa4 23. c3 Be8 24. Bd3 Bh5 25. Re1 Rc8 26. Kb2 Bg4 27. Bb5 Rff8
28. Bxa4 Qf7 29. Bb3 Rc7 30. Rc2 Bf5 31. Rcc1 h6 32. Re3 Kh8 33. a4 Rfc8 34. a5
Qg6 35. Rg1 Qg4 36. Bd1 Qg6 37. Be2 Qe8 38. g4 Be4 39. g5 h5 40. g6 Qf8 41. Qe5
Bf5 42. Kb3 Qd8 43. Rg5 d4 44. cxd4 Qf8 45. Rxh5+ Kg8 46. Rxf5 Qxf5 47. Qxe6+
Qxe6+ 48. Rxe6 Kf8 49. Re5 1-0

[Event "85th ch-UKR 2016"]
[Site "Rivne UKR"]
[Date "2016.12.08"]
[Round "3.6"]
[White "Volokitin, Andrei"]
[Black "Bakhmatsky, Vladislav"]
[Result "1-0"]
[WhiteTitle "GM"]
[WhiteElo "2649"]
[BlackElo "2446"]
[WhiteFideId "14107090"]
[BlackFideId "14124890"]
[EventDate "2016.12.06"]

1. e4 c5 2. Nf3 d6 3. d4 cxd4 4. Nxd4 Nf6 5. Nc3 a6 6. Be3 e5 7. Nf3 Be7 8. Bc4
O-O 9. O-O Nc6 10. Bb3 Be6 11. Qe2 Rc8 12. Rfd1 h6 13. Nh4 Re8 14. Nf5 Bf8 15.
Nd5 Nxd5 16. Nxh6+ gxh6 17. exd5 Bf5 18. dxc6 bxc6 19. Qxa6 Qf6 20. Qe2 d5 21.
c3 Qg6 22. Rd2 Kh7 23. f3 h5 24. Qf2 Bg7 25. a4 Rb8 26. Bd1 Red8 27. a5 Ra8 28.
a6 Bc8 29. Bc2 f5 30. a7 Rd7 31. f4 d4 32. fxe5 dxe3 33. Qxf5 Qxf5 34. Bxf5+ Kg8
35. Rxd7 1-0

[Event "85th ch-UKR 2016"]
[Site "Rivne UKR"]
[Date "2016.12.09"]
[Round "4.1"]
[White "Korobov, Anton"]
[Black "Bakhmatsky, Vladislav"]
[Result "1-0"]
[WhiteTitle "GM"]
[WhiteElo "2692"]
[BlackElo "2446"]
[WhiteFideId "14105730"]
[BlackFideId "14124890"]
[EventDate "2016.12.06"]

1. Nf3 Nf6 2. e3 g6 3. b4 Bg7 4. Bb2 b6 5. c4 Bb7 6. d4 O-O 7. Nbd2 d6 8. Be2
Nbd7 9. O-O a5 10. a3 axb4 11. axb4 Ne4 12. Nxe4 Bxe4 13. Qb3 e6 14. Rxa8 Qxa8
15. Ra1 Qb8 16. Nd2 Bb7 17. e4 c6 18. h4 Qc7 19. h5 Rc8 20. Nf3 d5 21. exd5 exd5
22. Qe3 Nf6 23. Ne5 Qe7 24. h6 Bf8 25. b5 c5 26. Qf4 dxc4 27. Bxc4 Nd5 28. Bxd5
Bxd5 29. dxc5 bxc5 30. Nd7 1-0

[Event "85th ch-UKR 2016"]
[Site "Rivne UKR"]
[Date "2016.12.09"]
[Round "4.2"]
[White "Shtembuliak, Evgeny"]
[Black "Volokitin, Andrei"]
[Result "0-1"]
[WhiteTitle "IM"]
[BlackTitle "GM"]
[WhiteElo "2478"]
[BlackElo "2649"]
[WhiteFideId "14113325"]
[BlackFideId "14107090"]
[EventDate "2016.12.06"]

1. c4 e5 2. e3 Nf6 3. Nc3 Nc6 4. Nf3 Bb4 5. Qc2 Bxc3 6. Qxc3 Qe7 7. a3 d5 8. d4
exd4 9. Nxd4 Nxd4 10. Qxd4 O-O 11. b4 dxc4 12. Bxc4 Rd8 13. Qf4 a5 14. Rb1 axb4
15. axb4 b5 16. Bxb5 Nd5 17. Qd4 c5 18. bxc5 Nc7 19. Qc3 Qe4 20. Bc6 Qxc6 21.
O-O Bh3 22. f3 Ra2 23. Rb2 Rxb2 24. Qxb2 Be6 25. Qb6 Qxb6 26. cxb6 Nd5 27. b7
Rb8 28. e4 Nf6 29. Bg5 Rxb7 30. Bxf6 gxf6 31. Kf2 Rb2+ 32. Kg3 f5 33. exf5 Bxf5
34. h4 Be6 35. Rg1 Kg7 36. Rc1 Rd2 37. Rc5 Kf6 38. Rc6 Ke5 39. Rc5+ Bd5 40. Rc8
f5 41. Re8+ Be6 42. Re7 f4+ 43. Kh2 Rd7 44. Re8 Rg7 45. Kg1 Rg6 46. Kf2 Rh6 47.
g3 fxg3+ 48. Kxg3 Rg6+ 49. Kf2 Rg7 50. Rb8 Bd5 51. Rb5 Rf7 52. Kg2 Kd4 53. Kg3
h5 54. Kg2 Bxf3+ 55. Kg3 Bd5 56. Ra5 Rf3+ 57. Kh2 Rf2+ 58. Kg3 Rg2+ 59. Kh3 Ra2
60. Rb5 Ra3+ 61. Kh2 Bf3 62. Rb4+ Ke5 63. Kg3 Be4+ 0-1

[Event "85th ch-UKR 2016"]
[Site "Rivne UKR"]
[Date "2016.12.09"]
[Round "4.3"]
[White "Moiseenko, Alexander"]
[Black "Kravtsiv, Martyn"]
[Result "1/2-1/2"]
[WhiteTitle "GM"]
[BlackTitle "GM"]
[WhiteElo "2657"]
[BlackElo "2645"]
[WhiteFideId "14102560"]
[BlackFideId "14113147"]
[EventDate "2016.12.06"]

1. d4 d5 2. c4 e6 3. Nf3 Nf6 4. Nc3 Be7 5. cxd5 exd5 6. Qc2 c6 7. h3 O-O 8. Bf4
Bd6 9. Bxd6 Qxd6 10. e3 b6 11. Rc1 Nbd7 12. Be2 Bb7 13. O-O Rac8 14. Rfd1 Rfd8
15. a3 c5 16. dxc5 bxc5 17. Nxd5 Bxd5 18. e4 Nxe4 19. Qxe4 Nf6 20. Qc2 Qb8 21.
Nd2 Qb7 22. Bf1 h6 23. Nc4 Ne4 24. Na5 Qe7 25. Nc4 Qb7 26. Re1 Ng5 27. Qf5 Ne6
28. Qe5 Qb8 29. Qc3 Qf4 30. Re3 Rb8 31. Rce1 Qd4 32. b3 Qxc3 33. Rxc3 Nd4 34.
Ne3 Be6 1/2-1/2

[Event "85th ch-UKR 2016"]
[Site "Rivne UKR"]
[Date "2016.12.09"]
[Round "4.5"]
[White "Kovchan, Alexander"]
[Black "Solovchuk, Alexey"]
[Result "1-0"]
[WhiteTitle "GM"]
[WhiteElo "2585"]
[BlackElo "2409"]
[WhiteFideId "14103052"]
[BlackFideId "14115220"]
[EventDate "2016.12.06"]

1. e4 e5 2. Nf3 Nc6 3. d4 exd4 4. Nxd4 Bc5 5. Nb3 Bb6 6. Nc3 Qf6 7. Qe2 Nge7 8.
Be3 O-O 9. O-O-O d6 10. f3 Be6 11. h4 Bxe3+ 12. Qxe3 Rad8 13. Nb5 Bxb3 14. axb3
d5 15. Bd3 a6 16. Nxc7 d4 17. Qg5 Qd6 18. Nd5 Nxd5 19. exd5 Nb4 20. Rhe1 Qb6 21.
d6 Qxd6 22. h5 h6 23. Qe5 Qc6 24. Be4 Rd5 25. Qe7 Qc5 26. Qxc5 Rxc5 27. Rxd4 a5
28. c3 b6 29. Rd6 f5 30. Bb1 Nc6 31. Ree6 Rc8 32. Rd7 Kf8 33. f4 b5 34. Bd3 Nb4
35. Kd2 Nd5 36. Rg6 Nxf4 37. Rgxg7 Nxh5 38. Rh7 Nf6 39. Rh8+ Ng8 40. Rhh7 Nf6
41. Rhf7+ Ke8 42. Rde7+ Kd8 43. Rb7 1-0

[Event "85th ch-UKR 2016"]
[Site "Rivne UKR"]
[Date "2016.12.09"]
[Round "4.6"]
[White "Areshchenko, Alexander"]
[Black "Oleksiyenko, Mykhaylo"]
[Result "1/2-1/2"]
[WhiteTitle "GM"]
[BlackTitle "GM"]
[WhiteElo "2678"]
[BlackElo "2615"]
[WhiteFideId "14109530"]
[BlackFideId "4152417"]
[EventDate "2016.12.06"]

1. e4 c5 2. Nf3 e6 3. d4 cxd4 4. Nxd4 Nc6 5. Nc3 Qc7 6. Be2 Nf6 7. Be3 Be7 8. f4
d6 9. Qd2 O-O 10. O-O-O a6 11. g4 d5 12. exd5 Nxd5 13. Nxd5 exd5 14. Kb1 Bd7 15.
h4 Rfe8 16. Bf3 Rad8 17. h5 Na5 18. b3 Ba3 19. Rhe1 Rc8 20. h6 gxh6 21. Bxd5
Bxg4 22. Rg1 h5 23. Nf5 Kf8 24. Bd4 Re2 25. Bg7+ Ke8 26. Rge1 Qxc2+ 27. Qxc2
Rxc2 28. Ng3 Bb4 29. Nxe2 Rxe2 30. Rxe2+ Bxe2 31. Rd4 Be7 32. Kb2 Bg4 33. Re4
Kd7 34. Bxf7 Nc6 35. Re3 Bd6 36. Be8+ Kc7 37. Bh6 h4 38. Bf7 Bc5 39. Re1 Bd4+
40. Kc2 h3 41. Rh1 Ne7 42. Kd3 Bb6 43. f5 Bxf5+ 44. Ke2 Bg4+ 45. Kd3 Bf5+ 46.
Ke2 Bg4+ 1/2-1/2